L'Année stratégique 2023 : Analyse des enjeux internationaux (notice n° 1566567)
[ vue normale ]
| 000 -LEADER | |
|---|---|
| fixed length control field | 01233cam a2200133 4500500 |
| 005 - DATE AND TIME OF LATEST TRANSACTION | |
| control field | 20251214001917.0 |
| 041 ## - LANGUAGE CODE | |
| Language code of text/sound track or separate title | fre |
| 042 ## - AUTHENTICATION CODE | |
| Authentication code | dc |
| 100 10 - MAIN ENTRY--PERSONAL NAME | |
| Personal name | Boniface, Pascal |
| Relator term | author |
| 245 00 - TITLE STATEMENT | |
| Title | L'Année stratégique 2023 : Analyse des enjeux internationaux |
| 260 ## - PUBLICATION, DISTRIBUTION, ETC. | |
| Name of publisher, distributor, etc. | Armand Colin,<br/> |
| Date of publication, distribution, etc. | 2022.<br/> |
| 520 ## - SUMMARY, ETC. | |
| Summary, etc. | L’année 2022 restera celle de la sortie de la pandémie qui a exacerbé un certain nombre de questions stratégiques majeures. De la rivalité sino-états-unienne à la lutte contre le changement climatique, des divisions européennes aux fragilités latinoaméricaines, des défis auxquels l’Afrique est confrontée aux crises qui traversent le Moyen-Orient, de la panne du multilatéralisme à l'envolée des prix du pétrole, tous ces sujets constituaient déjà de sérieux symptômes du « monde d’avant ». D’autres signes, comme la réponse de l’Union européenne à la crise économique, les initiatives en vue d’une endogénéisation des questions africaines ou encore la transition institutionnelle en Russie, pourraient toutefois trouver à façonner le « monde d’après ». |
| 856 41 - ELECTRONIC LOCATION AND ACCESS | |
| Uniform Resource Identifier | <a href="https://shs.cairn.info/annee-strategique-2023--9782200632816?lang=fr&redirect-ssocas=7080">https://shs.cairn.info/annee-strategique-2023--9782200632816?lang=fr&redirect-ssocas=7080</a> |
Pas d'exemplaire disponible.




Réseaux sociaux